000 00688nam a22002297a 4500
005 20170124110145.0
010 _a975407
020 _c00.00
035 _a975407
037 _bCen Lib/Ret
040 _aDPL
_bEN
082 _a658.5
_bODI
100 _aOdiorne, George S.
_9101744
245 _aManagement decisions by objectives /
_cby George S. Odiorne
260 _bD. B. Taraporevala Sons
_aBombay
_c1980
270 _bBombay
_a210, Dr. Dadabhai Naoroji Road
_e400001
300 _axvi, 252p. :
_c20cm(Hb)
500 _aIncludes index
650 _aManagement--Decision making
_933151
650 _aDecision processes
_933152
942 _2ddc
_cEN
_h658.5
_mODI
999 _c131901
_d131901